[Event "34th Voivoda Cup 2018"]
[Site "Legnica"]
[Date "2018.11.26"]
[Round "7"]
[White "Murdzia, Piotr"]
[Black "Nasuta, Grzegorz"]
[Result "1/2-1/2"]
[WhiteElo "2411"]
[BlackElo "2520"]
[Annotator "TA"]
[PlyCount "113"]
[EventDate "2018.11.22"]
[EventType "tourn"]
[EventCountry "POL"]
[SourceTitle "playchess.com"]
[Source "ChessBase"]
[SourceQuality "1"]

{[%evp 19,113,0,0,-27,23,23,9,19,14,14,22,11,29,7,18,11,7,-5,10,17,23,20,17,0,4,4,26,38,37,25,30,34,25,25,68,64,67,58,68,58,64,66,57,57,72,62,82,54,60,60,60,58,64,28,102,87,94,102,91,93,86,7,7,7,8,7,49,43,42,52,38,47,106,106,110,113,183,27,27,27,115,116,116,0,0,0,0,0,0,0,6,0,0,0,6,0]} 1. d4 d5 2. c4 c6 3. Nf3 Nf6 4. Nc3 dxc4 5. a4 Bf5 6. e3 e6 7. Bxc4 Bb4 8. O-O O-O 9. Qe2 Nbd7 10. Ne5 h6 {LiveBook: 10 Games} 11. Rd1 {D19: Slav Defence: 5 a4 Bf5 6 e3: Main line with 9 Qe2} (11. Nd3 Bxd3 12. Bxd3 e5 13. dxe5 Nxe5 14. Bc2 Re8 15. e4 Ng6 16. f4 Qa5 17. e5 Bxc3 18. bxc3 Qxc3 {1-0 (57) Nikolic,P (2617)-Jakovljevic,V (2395) Sarajevo 2016}) 11... Qe7 12. e4 $146 {Black must now prevent Nxd7.} ({Predecessor:} 12. Nxd7 Nxd7 13. e4 Bg6 14. a5 Rfd8 15. a6 b5 16. Ba2 Rac8 17. f3 Nb8 18. Bb3 f6 19. Be3 Bf7 20. Qf2 Rc7 21. Qg3 Kh8 22. Qh4 Rcd7 23. Qf2 {½-½ (25) Mititelu,G-Gheorghiu,F Bucharest 1960}) 12... Bh7 13. Nxd7 Nxd7 14. f3 a5 15. Be3 Kh8 16. Kh1 Rad8 17. Na2 Bd6 18. Qe1 Bc7 19. Bf2 f6 20. b4 Ra8 21. Bb3 Bg8 22. Rab1 Rfb8 23. bxa5 Bxa5 24. Qe3 Bb6 25. Qe2 Bc7 26. Nc1 e5 27. Bxg8 Kxg8 28. Qc4+ Qf7 29. d5 $1 Nf8 30. Ne2 cxd5 31. Rxd5 Ba5 32. Qb5 Rd8 33. Qxb7 Qxb7 34. Rxb7 Rdc8 {With the idea ...Rc2.} 35. Ra7 Rxa7 36. Bxa7 Bd8 (36... Be1 $11) 37. h3 Ne6 38. a5 Rc2 39. Ng3 g6 40. Nf1 (40. Nf5 $16) 40... Rc1 $11 41. Kg1 Ra1 42. Bb6 Bxb6+ 43. axb6 {[%mdl 4096] Endgame KRN-KRN} Rb1 44. Rd6 Kf7 45. Rd7+ Kf8 (45... Ke8 $14 46. Rh7 Rxb6) 46. b7 $16 Ke8 47. Rh7 $1 h5 (47... Nd8 $16 {might work better.}) 48. h4 $2 ({White should play} 48. Kh2 $18) 48... Nd8 $1 $11 49. Kh2 Rxb7 {[#]} (49... Nxb7 $11 {keeps the balance.} 50. Ne3 Kf8) 50. Rh8+ $1 $16 Ke7 {[#]} 51. Rg8 (51. Ne3 $1 $16) 51... Rb8 $11 {The position is equal.} 52. Rxg6 Kf7 $1 {[%cal Rf7g6]} 53. Rh6 Kg7 $1 {[%cal Rg7h6]} 54. Rxh5 {Hoping for Ne3.} Kg6 55. g4 {Strongly threatening Ne3.} Ne6 56. Rf5 {aiming for g5!} Ng7 57. h5+ {Precision: White = 57%, Black = 48%.} 1/2-1/2

[Event "34th Voivoda Cup 2018"]
[Site "Legnica"]
[Date "2018.11.27"]
[Round "8"]
[White "Nasuta, Grzegorz"]
[Black "Lewtak, Damian"]
[Result "1/2-1/2"]
[WhiteElo "2520"]
[BlackElo "2411"]
[Annotator "TA"]
[PlyCount "110"]
[EventDate "2018.11.22"]
[EventType "tourn"]
[EventCountry "POL"]
[SourceTitle "playchess.com"]
[Source "ChessBase"]
[SourceQuality "1"]

{[%evp 17,110,53,33,0,16,17,10,-13,-4,-17,-12,-8,-13,-23,-15,-13,13,0,0,0,0,-7,33,14,56,0,87,81,78,81,81,81,81,81,81,81,81,81,83,79,78,82,92,89,91,51,51,51,61,64,67,45,45,47,47,33,33,33,33,0,31,0,33,34,35,33,33,36,39,31,39,39,47,47,47,47,47,47,47,46,46,46,46,46,46,46,46,46,46,46,46,33,33,33,33]} 1. e4 b6 2. d4 Bb7 3. Bd3 e6 4. Nf3 d6 5. O-O Nd7 {[%cal Bb8d7,Bd7f6,Bf6g4][%mdl 32]} 6. Nc3 {B00: Queen's Fianchetto Defence, Nimzowitsch Defence} (6. Re1 g6 7. Nbd2 Bg7 8. c3 a6 9. Nf1 e5 10. h3 Ngf6 11. Ng3 O-O 12. Bg5 h6 13. Be3 Re8 14. Qc2 Qe7 {½-½ (14) Alekseev,E (2620)-Kamsky,G (2675) St Petersburg 2018}) 6... g6 7. Bg5 Ne7 8. Qd2 h6 9. Be3 Bg7 {LiveBook: 7 Games} 10. Ne2 Nf6 11. Ng3 Ng4 12. Rad1 $146 ({Predecessor:} 12. c4 O-O {½-½ (24) Radzhabov,R (1893)-Khafizova,Y (1936) Cheliabinsk 2013}) 12... O-O 13. c3 c5 14. h3 Nxe3 15. Qxe3 Qc7 16. Rfe1 c4 17. Bb1 e5 18. Rd2 Rfd8 19. Red1 Bc6 20. Bc2 a5 21. Nf1 ({White should try} 21. a4 $14) 21... b5 (21... a4 $1 $11 {keeps the balance.}) 22. dxe5 $16 dxe5 {[#]} 23. Rxd8+ $1 Rxd8 24. Rxd8+ Qxd8 25. Qc5 f6 {[#]} 26. a4 $1 {[%cal Ra4b5][%mdl 512]} Qd7 (26... bxa4 27. Ne3) 27. Ne3 Nc8 {White must now prevent ...Bf8.} 28. axb5 Bxb5 29. Nd5 {Threatens to win with Qxc8+!} Qc6 30. Qxc6 Bxc6 31. Ne3 Nb6 32. Nd2 Bf8 33. Nexc4 Nxc4 34. Bb3 a4 35. Bxc4+ $14 {[%mdl 4096] Endgame KBB-KBN} Kg7 36. Kf1 f5 37. Bd5 Bb5+ 38. Bc4 Bc6 39. Bd5 Bb5+ 40. Ke1 {White is slightly better.} Kf6 41. Nc4 Bxc4 42. Bxc4 fxe4 {KB-KB} 43. Ba2 h5 44. Bb1 h4 45. Bxe4 a3 46. bxa3 Bxa3 47. Ke2 Bc5 48. f3 g5 49. Kd3 Ke6 50. Bh7 Bf2 51. Ke4 Bg3 52. Bg8+ Kd6 53. Kf5 Bf4 54. c4 Kc5 55. Bd5 Kd6 {Accuracy: White = 57%, Black = 87%.} 1/2-1/2

[Event "34th Voivoda Cup 2018"]
[Site "Legnica"]
[Date "2018.11.27"]
[Round "8"]
[White "Kriebel, Tadeas"]
[Black "Hirneise, Tobias"]
[Result "1/2-1/2"]
[WhiteElo "2515"]
[BlackElo "2472"]
[Annotator "TA"]
[PlyCount "132"]
[EventDate "2018.11.22"]
[EventType "tourn"]
[EventCountry "POL"]
[SourceTitle "playchess.com"]
[Source "ChessBase"]
[SourceQuality "1"]

{[%evp 18,132,40,40,23,0,0,0,25,0,0,-36,-40,-48,-39,-48,102,118,109,103,202,128,129,84,89,103,89,67,65,68,82,61,77,38,109,113,112,120,130,125,129,135,125,108,139,139,134,128,149,146,149,137,133,120,129,85,88,82,89,83,87,65,65,0,0,0,0,0,0,0,8,0,0,0,0,0,0,0,8,8,8,8,8,0,0,0,8,0,8,0,8,8,2,0,0,0,0,0,0,0,0,0,0,0,0,0,0,0,0,0,0,0,0,0,0,0,0]} 1. e4 c6 2. d4 d5 3. exd5 cxd5 4. Bd3 Nc6 5. c3 Nf6 6. Bf4 Bg4 7. Nf3 e6 8. Qb3 Qc8 9. Nbd2 Be7 10. h3 Bh5 {B13: Caro-Kann: Exchange Variation and Panov-Botvinnik Attack} 11. Nh4 $146 ({Predecessor:} 11. O-O O-O 12. Rfe1 Bg6 13. Bxg6 hxg6 14. a4 b6 15. Qd1 Qb7 16. h4 Rfd8 17. g3 a6 18. Bg5 b5 19. axb5 axb5 {½-½ (32) Fedoseev,V (2724)-Esipenko,A (2571) Moscow 2018}) 11... Ne4 12. Bxe4 Bxh4 13. g4 dxe4 14. Nxe4 {[#] Hoping for Nd6+.} O-O 15. gxh5 e5 $1 {Threatens to win with ...Qf5.} 16. Nd6 ({But not} 16. Bxe5 Qf5 $17) 16... Qe6 (16... Nxd4 $1 $15 {stays ahead.} 17. cxd4 Qc6 18. Qxb7 Qxb7 19. Nxb7 exf4) 17. dxe5 $16 Nxe5 18. O-O-O Nd7 (18... Qf6 $16 {might work better.} 19. Qb4 Rad8) 19. Qxe6 ({Don't do} 19. Qxb7 $6 Nf6 $16) ({Don't play} 19. Nxb7 $6 Bxf2 20. Rhf1 Be3+ 21. Kb1 Bxf4 $16) 19... fxe6 20. Be3 Bxf2 21. Bxf2 Rxf2 22. Ne4 Rf7 23. h6 Nf8 24. Rhg1 b6 25. Rg4 Kh8 (25... Ng6 $14) 26. Ng5 $36 {[%mdl 2048] White is on the roll.} Re7 27. Rdg1 {[#] And now hxg7+ would win.} Ng6 28. hxg7+ Rxg7 29. Nxe6 Re7 30. Nf4 Ne5 31. Nd5 Nxg4 32. Nxe7 {[%mdl 4096] Endgame KRN-KRN} Nf2 33. Rg3 Re8 34. Nf5 Re1+ 35. Kc2 {Threatening mate with Nh6.} h5 36. Kb3 Rh1 37. h4 Rh2 38. Rg5 Nd1 39. Kc4 Rxb2 40. Kd5 (40. Rxh5+ $14 Kg8 41. a3) 40... Nxc3+ $11 {The position is equal.} 41. Ke6 Ne4 $1 {[%cal Re4g5]} 42. Rxh5+ Kg8 43. Rh6 Rg2 44. Ke7 Rf2 45. Rg6+ Kh8 46. Nd4 (46. Ke6 {feels hotter.} Nc5+ 47. Kf6 Nd7+ 48. Kg5 Rxa2 49. h5) 46... Rf4 47. h5 Rh4 48. Rh6+ Kg8 49. Nf5 Rg4 $1 50. Re6 {Nh6+ would kill now.} Kh7 51. Rh6+ Kg8 52. Re6 {White threatens Nh6+ and mate.} Kh7 53. Kd8 Rg5 54. Re7+ Kh8 55. Rxe4 {aiming for Re8+.} Rxf5 {KR-KR} 56. Re8+ Kg7 57. Re7+ Kh6 58. Rxa7 Kxh5 59. Ra3 Rf2 60. Kc7 Rb2 61. Kc6 Kg5 62. Kd5 Kf6 63. Ra7 b5 64. a3 Rb3 65. Kd6 b4 66. axb4 Rxb4 {Accuracy: White = 57%, Black = 73%.} 1/2-1/2

[Event "34th Voivoda Cup 2018"]
[Site "Legnica"]
[Date "2018.11.27"]
[Round "8"]
[White "Wieczorek, Oskar"]
[Black "Gleizerov, Evgeny"]
[Result "1-0"]
[WhiteElo "2468"]
[BlackElo "2505"]
[Annotator "TA"]
[PlyCount "53"]
[EventDate "2018.11.22"]
[EventType "tourn"]
[EventCountry "POL"]
[SourceTitle "playchess.com"]
[Source "ChessBase"]
[SourceQuality "1"]

{[%evp 10,53,8,0,2,0,17,27,23,27,52,44,58,38,46,52,92,71,72,75,104,100,106,92,114,69,90,57,163,164,147,0,0,0,0,-39,-35,-27,158,151,281,272,1854,1695,1100,945]} 1. e4 e6 2. d4 d5 3. Nc3 Nf6 4. e5 Nfd7 5. f4 c5 6. Nf3 Be7 {C11: French: Classical System: 4 e5 and 4 Bg5 dxe4} (6... Nc6 7. Be3 a6 8. Qd2 b5 9. a3 Rb8 10. dxc5 Bxc5 11. Bxc5 Nxc5 12. b4 Nd7 13. Bd3 Qb6 14. Ne2 f6 15. exf6 Nxf6 16. Ned4 Nxd4 17. Nxd4 {½-½ (31) Grischuk,A (2769)-Short,N (2652) Douglas 2018}) 7. Be3 b6 8. h4 {[%cal Bh2h4,Bh4h5,Bh5h6][%mdl 32]} Nc6 {White has an edge.} 9. h5 cxd4 10. Nxd4 Nxd4 $146 ({Predecessor:} 10... Bh4+ 11. Kd2 Nxd4 12. Bxd4 Be7 13. Qg4 O-O 14. Rd1 {1-0 (41) Ding,Y (2420)-Zhai,M (2303) China 2017}) 11. Qxd4 Bc5 12. Qd2 f6 13. h6 g6 14. exf6 Qxf6 {[#]} 15. O-O-O $1 O-O 16. g3 Bb7 17. Rh2 Rad8 18. Bh3 d4 (18... Rfe8 $14) 19. Bxd4 $18 e5 {[%cal Rc5d4]} 20. fxe5 (20. Bf2 $16 Bf3 21. Rf1 (21. Bxd7 Bxd1 22. fxe5 Qxe5 $14)) 20... Nxe5 $11 21. Rf2 Bf3 $1 22. Qe3 {[#] Threatens to win with Ne4.} Rxd4 23. Rxd4 Bxd4 $2 (23... Ng4 $1 $11 24. Qxf3 (24. Bxg4 Bxd4 25. Qe6+ Qxe6 $15) 24... Qxd4 25. Qd5+ Qxd5 26. Rxf8+ Bxf8 27. Nxd5 Bxh6+ 28. Kb1 Nf2 29. Be6+ Kf8) 24. Qxd4 $16 Qg5+ (24... g5 $16 {was necessary.}) 25. Kb1 $18 Qxg3 $2 (25... Qe7 26. Rf1 Qc5 27. Qxc5 bxc5 28. Be6+ Kh8) 26. Be6+ Kh8 27. Bd5 {Accuracy: White = 77%, Black = 32%.} 1-0

[Event "34th Voivoda Cup 2018"]
[Site "Legnica"]
[Date "2018.11.27"]
[Round "8"]
[White "Sieciechowicz, Marcin"]
[Black "Simacek, Pavel"]
[Result "1-0"]
[WhiteElo "2432"]
[BlackElo "2503"]
[Annotator "TA"]
[PlyCount "127"]
[EventDate "2018.11.22"]
[EventType "tourn"]
[EventCountry "POL"]
[SourceTitle "playchess.com"]
[Source "ChessBase"]
[SourceQuality "1"]

{[%evp 9,127,-18,-8,-12,-9,-12,16,6,12,6,8,5,15,11,12,12,8,7,16,0,0,-12,-4,-74,-69,-91,-36,-66,-66,-52,-50,-65,-43,-68,-5,-91,-62,-100,0,0,112,112,112,112,112,110,107,91,98,84,114,26,62,67,63,39,39,36,29,22,137,46,137,137,137,137,268,260,261,220,573,552,331,331,421,366,1869,1925,1712,1422,1197,870,3105,2827,1867,2655,2472,2463,1590,1575,2813,4675,4156,2911,2911,2763,2169,1860,1934,1269,5114,1499,29961,29963,29958,29957,2212,2381,29969,29968,29967,29968,29976,29975,29976,29978,29977,29977,29975,29977]} 1. d4 d5 2. Nf3 Bf5 3. c3 e6 4. Bf4 Bd6 5. Bg3 Ne7 (5... Nf6 6. e3 Ne4 7. Nbd2 Nxg3 8. hxg3 h6 9. Qe2 c6 10. e4 Bh7 11. Qe3 {0-1 (47) Bryzgalin,K (2424)-Morozevich,A (2683) Sochi 2016}) 6. e3 {D02: 1 d4 d5 2 Nf3 sidelines, including 2...Nf6 3 g3 and 2...Nf6 3 Bf4} O-O 7. c4 $146 ({Predecessor:} 7. Nh4 Nbc6 8. a4 a6 9. b4 h6 10. Bd3 Bxd3 11. Qxd3 {0-1 (56) Amin,I (1855)-Gottstein,C (2190) Helsingor 2018}) 7... Bxb1 8. Rxb1 {The position is equal.} Bb4+ 9. Nd2 $1 c5 10. dxc5 Nd7 {[%cal Bb8d7,Bd7c5,Bc5e4,Be4d2][%mdl 32]} 11. Be2 Nxc5 12. O-O Bxd2 13. Qxd2 Ne4 14. Qb4 a5 15. Qxb7 Nd2 $1 {[%csl LRb1,LRc4,LRf1]} 16. cxd5 (16. e4 $11) 16... Nxd5 $17 17. Bf3 Qg5 (17... Nxb1 $17 18. Rxb1 Qc8) 18. Qb5 Qg6 {[%mdl 1024] Black has compensation.} ({Much weaker is} 18... Nxf3+ $6 19. gxf3 f5 20. Rfe1 $14) 19. e4 Nf6 20. Rbe1 Rfd8 21. h4 h6 (21... a4 $15) 22. Re3 (22. a3 $11 {remains equal.}) 22... Nxf1 23. Kxf1 Ne8 (23... h5 $1 $17) 24. Kg1 $11 f6 (24... Nf6 $11) 25. Bh5 $36 {[%mdl 2048] White is in control.} Qh7 26. Qc4 g6 27. Bg4 Qe7 28. Qxe6+ Qxe6 29. Bxe6+ Kf8 30. h5 ({White should play} 30. Ra3 $16) 30... Ng7 31. Bd5 Rac8 $1 32. hxg6 {aiming for Bf4.} Nf5 $1 {[%cal Rf5e3]} 33. exf5 Rxd5 $14 {[%mdl 4096] Endgame KRR-KRB} 34. Bf4 Rxf5 (34... h5 $11) 35. Bxh6+ $16 Kg8 {[#] ...Rh5 is the strong threat.} 36. g4 $1 {[%cal Rg4f5]} Re5 {[#]} 37. Rf3 $1 Re4 (37... Re6 $16 38. Rf5 a4) 38. Rxf6 $18 Rxg4+ 39. Kf1 Rh4 $2 (39... a4 {is a better chance.} 40. g7 Kh7) 40. g7 {Intending Rf8+ and mate.} Rxh6 41. Rxh6 {Threatening mate with Rh8+. KR-KR} Rc2 42. Rb6 Kxg7 $2 (42... Rc1+ 43. Kg2 Kxg7) 43. a4 Kf7 44. Kg2 Ke7 45. Kg3 Kf7 46. b3 Ke7 47. f4 {[%cal Bf2f4,Bf4f5][%mdl 32]} Kf7 48. Kg4 Rc1 49. Kg5 Rc5+ 50. f5 Rc7 51. Rb5 Ra7 52. Kf4 Kf6 53. Ke4 Ra6 54. Kd4 Ra8 55. Kc4 Rc8+ 56. Rc5 Ra8 57. Kb5 Rb8+ 58. Kxa5 Rxb3 59. Ka6 {White mates.} Rb4 60. a5 Ke7 61. Rd5 Rb1 62. Rb5 Rd1 63. Ka7 Kd7 64. Kb7 {Accuracy: White = 71%, Black = 32%.} 1-0

[Event "34th Voivoda Cup 2018"]
[Site "Legnica"]
[Date "2018.11.27"]
[Round "8"]
[White "Teclaf, Pawel"]
[Black "Murdzia, Piotr"]
[Result "1/2-1/2"]
[WhiteElo "2384"]
[BlackElo "2411"]
[Annotator "TA"]
[PlyCount "60"]
[EventDate "2018.11.22"]
[EventType "tourn"]
[EventCountry "POL"]
[SourceTitle "playchess.com"]
[Source "ChessBase"]
[SourceQuality "1"]

{[%evp 9,60,0,16,21,9,14,13,8,15,18,39,27,70,62,69,61,73,60,60,57,64,60,32,34,47,28,118,127,146,152,150,145,134,143,135,136,131,0,144,131,158,141,143,131,154,47,57,0,15,0,57,0,16]} 1. Nf3 d5 2. b3 c5 3. e3 a6 4. Bb2 Nc6 5. g3 f6 (5... Nf6 6. Bg2 g6 7. Ne5 Nxe5 8. Bxe5 Bg7 9. Nc3 O-O 10. Bxf6 Bxf6 11. Bxd5 Ra7 12. Bg2 b5 {½-½ (44) Rakhmanov,A (2627)-Inarkiev,E (2684) Yaroslavl 2018}) 6. d4 {A06: Réti Opening:1 Nf3 d5} cxd4 $146 ({Predecessor:} 6... Bg4 7. Bg2 e6 8. Nbd2 Bd6 9. h3 Bh5 10. O-O Nge7 11. a3 e5 12. dxc5 Bxc5 {1-0 (66) Willmoth,R (2159)-Brown,T (2104) Aberystwyth 2014}) 7. Nxd4 e5 8. Nxc6 bxc6 9. Bg2 Be6 10. O-O Qb6 11. c4 {[%cal Rc4d5]} Rd8 12. cxd5 cxd5 13. Nc3 {[%cal Rg2d5]} Bb4 14. Nxd5 Bxd5 15. Bxd5 {[#] And now Qg4 would win.} Ne7 16. e4 {[%cal Be3e4,Be4d5][%mdl 32]} Nxd5 17. exd5 Qb7 (17... O-O $11) 18. Qh5+ $16 g6 19. Qf3 O-O {[#]} 20. Rfd1 $1 Rd6 21. Rac1 Rfd8 22. Rd3 Qb5 23. Rdd1 ({White should try} 23. Rc7 $16 {Hoping for Bxe5!} Qb6 24. Rc1) 23... Bc5 (23... Qb7 $1 $11 {keeps the balance.}) 24. Kg2 Kg7 25. Rd3 R8d7 26. a4 Qb6 27. Rcd1 (27. Qe4 $16) 27... Qb7 28. R3d2 (28. Kg1 $14) 28... Bb4 29. Rd3 Bc5 $1 30. R3d2 Bb4 {Accuracy: White = 68%, Black = 47%.} 1/2-1/2

[Event "34th Voivoda Cup 2018"]
[Site "Legnica"]
[Date "2018.11.28"]
[Round "9"]
[White "Gleizerov, Evgeny"]
[Black "Kriebel, Tadeas"]
[Result "1-0"]
[WhiteElo "2505"]
[BlackElo "2515"]
[Annotator "TA"]
[PlyCount "123"]
[EventDate "2018.11.22"]
[EventType "tourn"]
[EventCountry "POL"]
[SourceTitle "playchess.com"]
[Source "ChessBase"]
[SourceQuality "1"]

{[%evp 26,123,22,18,17,0,0,0,19,0,0,0,11,14,47,64,56,45,54,55,63,54,52,24,61,81,222,217,254,239,249,241,238,235,301,305,268,256,263,261,220,195,200,202,460,425,414,209,235,207,207,198,206,200,208,209,255,191,170,0,219,227,339,329,316,208,446,429,446,439,424,424,1052,977,740,777,1026,1012,10996,2280,1124,1113,5800,5805,29969,29971,29961,4586,29978,29979,29979,29980,29980,29981,29981,29981,29981,29982,29981,29982]} 1. d4 Nf6 2. c4 c5 3. d5 e6 4. Nc3 exd5 5. cxd5 d6 6. Nf3 g6 7. g3 Bg7 8. Bg2 O-O 9. O-O Re8 10. Bf4 Ne4 {A62: Modern Benoni: Fianchetto Variation without early ...Nbd7} (10... Bf5 11. Bg5 h6 12. Bxf6 Bxf6 13. Nd2 Bc8 14. Nc4 Bxc3 15. bxc3 b5 16. Nd2 Nd7 17. Re1 a5 18. Qc2 {½-½ (29) Tomashevsky,E (2702)-Svidler,P (2763) Palma de Mallorca 2017}) 11. Rc1 Nxc3 12. bxc3 b5 13. a4 a6 14. Re1 {LiveBook: 3 Games} Qb6 15. Qc2 Nd7 16. e4 Nf6 $146 ({Predecessor:} 16... c4 17. Ra1 Rb8 18. Reb1 {½-½ (25) Rada,H (2414)-Dimov,D (2407) ICCF email 2016}) 17. Nd2 Nh5 18. Be3 Bd7 19. h3 Re7 20. g4 Nf6 21. f4 Rae8 {Strongly threatening ...Nxd5!} 22. Bf2 h6 23. axb5 axb5 24. Nb3 Nh7 25. e5 $1 $36 {[%mdl 2048] White is in control.} g5 (25... Nf8 $16) 26. Be4 $18 Nf8 27. exd6 Qxd6 28. Bxc5 Qf6 29. fxg5 hxg5 30. Bxe7 Rxe7 31. Qf2 Qd6 32. Nd2 Be5 {If Black can now play ...Bg3 this consolidates a bit.} 33. Nf1 Bf4 34. Rcd1 Rxe4 $2 (34... Bc8 35. Bg2 Rc7) 35. Rxe4 Ng6 36. c4 (36. Ne3 $142) 36... bxc4 37. Rxc4 Qa3 38. Rxf4 {[%mdl 64] Remove Defender} Nxf4 39. Qe3 Qb2 {[%csl Gf4][%cal Rb2g2]} 40. Rd2 Qc1 41. Qb3 Qe1 42. Qe3 $2 (42. Rf2 $18) 42... Qh4 $2 (42... Qc1 $11 {and Black stays safe.}) 43. Qg3 Qh7 (43... Qh6 {was necessary.} 44. Kh2 Qd6) 44. Kh2 Qb1 45. Ne3 {Hoping for Ng2.} Qe4 $2 (45... Qb4 46. Rf2 Qd4) 46. Ng2 Nxg2 47. Qxg2 {[%mdl 4096] Endgame KQR-KQB} ({Not} 47. Rxg2 Qxd5 48. Re2 (48. Qb8+ Kh7 $16) 48... Bc6 $18) 47... Qf4+ 48. Kh1 f5 (48... Qe5 $142 49. Rf2 Qe1+ 50. Rf1 Qe7) 49. Rf2 Qc1+ 50. Rf1 Qe3 51. gxf5 Bb5 52. Rg1 Kf7 53. Qg3 Qe4+ {[#]} 54. Kh2 $1 Qxd5 55. Qxg5 Qe5+ 56. Rg3 (56. Qg3 $142 Kf6 57. Qxe5+ Kxe5 58. h4 Bd3 59. h5 Bxf5 60. h6 Ke6 61. Rg7) 56... Qe2+ 57. Rg2 {White mates.} Qe5+ {[#]} 58. Qg3 $1 Kf6 59. Qxe5+ Kxe5 60. Rf2 Kf6 61. Kg3 Bd3 62. Kg4 {Accuracy: White = 66%, Black = 33%.} 1-0

[Event "34th Voivoda Cup 2018"]
[Site "Legnica"]
[Date "2018.11.28"]
[Round "9"]
[White "Simacek, Pavel"]
[Black "Nasuta, Grzegorz"]
[Result "0-1"]
[WhiteElo "2503"]
[BlackElo "2520"]
[Annotator "TA"]
[PlyCount "116"]
[EventDate "2018.11.22"]
[EventType "tourn"]
[EventCountry "POL"]
[SourceTitle "playchess.com"]
[Source "ChessBase"]
[SourceQuality "1"]

{[%evp 19,116,6,0,-54,-53,-54,-54,-127,-117,-222,-225,-267,-244,-279,-291,-275,-277,-277,-272,-274,0,0,0,-219,-120,-175,0,0,0,0,0,0,0,-110,-113,-128,-123,-129,-125,-112,-122,-114,-112,-115,-110,-123,-109,-291,-254,-291,-289,-273,-271,-249,-251,-189,-117,-149,0,-179,-113,-112,-95,-97,-97,-113,-117,-117,-117,-115,-104,-128,-127,-121,-116,-120,-123,-230,-220,-200,-193,-217,-217,-254,-242,-314,-325,-1089,-1082,-924,-709,-6267,-6087,-6087,-6087,-6087,-4133,-29967,-11689]} 1. d4 d5 2. c4 e6 3. Nc3 c6 4. e3 Nf6 5. Nf3 Nbd7 6. Qc2 Bd6 7. g4 h6 8. Rg1 e5 {D45: Semi-Slav: 5 e3} 9. cxd5 cxd5 10. Nb5 Bb8 {LiveBook: 36 Games. The position is equal.} 11. dxe5 (11. g5 $11 hxg5 12. Nxg5 (12. Rxg5 e4 $15)) (11. g5 hxg5 12. Nxg5 e4 13. Bd2 Nb6 14. Qc5 Bd7 15. Nd6+ Bxd6 16. Qxd6 {½-½ (30) Rapport,R (2752)-Ragger,M (2697) Baku 2016}) 11... Nxe5 $15 12. Nxe5 Bxe5 13. Bd2 $146 (13. f4 $15 Bb8 14. Nc3) ({Predecessor:} 13. f4 Ne4 14. fxe5 Qh4+ 15. Rg3 O-O 16. Bd3 Nxg3 {1-0 (28) Karthikeyan,P (2402)-Ilic,S (2081) Gaziantep 2008}) 13... O-O $1 $17 (13... Nxg4 $6 14. h3 $11) (13... Bxh2 14. Rh1 $11) (13... Bxg4 $6 14. f4 $11) 14. f4 {[#]} (14. g5 $17 hxg5 15. Rxg5) 14... Bxf4 $1 $19 {[%mdl 512]} 15. exf4 Re8+ 16. Kf2 Qb6+ $1 ({Weaker is} 16... Nxg4+ 17. Rxg4 Bxg4 18. Bc3 $17) (16... Bxg4 17. Bc3 $11) 17. Kg2 {Qc7 is the strong threat.} Nxg4 {( -> ...Qf2+)} 18. Kh1 Nf2+ ({Don't blunder} 18... Qf2 $2 19. Rg2 $18) 19. Kg2 {Black should prevent Qc7.} Ng4 $2 (19... Bh3+ $19 20. Kf3 Ne4 21. Rxg7+ Kxg7 22. Bc3+ f6 23. Bxh3 Qxb5) 20. Kh1 $1 $11 Nf2+ $2 $40 {[%mdl 128] White needs to defend precisely.} ({But not} 20... Qf2 $2 21. Rg2 $18) (20... a6 $11 21. Qc7 Qf2) 21. Kg2 $19 Ne4 ({Black should play} 21... Bh3+ $19 22. Kf3 Ne4 23. Rxg7+ Kxg7 24. Bc3+ f6 25. Bxh3 Qxb5) 22. Bc3 $17 {[#]} Qg6+ $2 (22... Bd7 $1 $19 23. Bd4 Qg6+ 24. Kh1 Ng3+ {[%mdl 64] Discovered Attack} 25. Rxg3 Qxc2 26. Rxg7+ Kf8) 23. Kh1 $11 Ng3+ $1 {[%mdl 64] Discovered Attack} 24. Rxg3 Qxc2 25. Bd3 Qf2 26. Nc7 (26. Rag1 $11 {remains equal.} Bg4 27. Rf1 Qxg3 28. hxg3) 26... d4 $17 27. Rf1 {[#]} Qxg3 $1 28. hxg3 {And now Bd2 would win.} dxc3 29. Nxe8 {Hoping for Nc7.} Bh3 30. Re1 {[#]} Rd8 $1 {[%cal Rd8d3]} 31. Bb1 Bd7 32. Nxg7 Kxg7 {[%mdl 4096] Endgame KRB-KRB} 33. Kg1 $2 (33. bxc3 $17 {was the only chance.} Bc6+ 34. Kh2) 33... cxb2 $19 34. Re2 Bc6 {aiming for ...Rd1+.} 35. Rxb2 Rd1+ 36. Kf2 Rh1 37. Rb3 Bd5 (37... a5 $19 38. a3 a4) 38. Rb5 $17 Bc6 39. Rb3 Rh2+ (39... a5 $19 40. a3 a4) 40. Ke3 Rg2 41. Kd4 Kf6 42. a3 Rd2+ 43. Ke3 Rd1 44. Bh7 h5 45. Rc3 Rf1 46. Ke2 Rh1 47. Bc2 Rh3 {Threatens to win with ...h4.} 48. Re3 (48. Kd2 $17) 48... h4 $19 49. gxh4 Rxh4 50. f5 Rh2+ 51. Kd1 Rf2 52. Rc3 Rf3 53. Kd2 $2 (53. Rc5) 53... Rxc3 54. Kxc3 Ke5 55. a4 Be4 56. Bb3 f6 57. a5 Bxf5 58. a6 b6 {Accuracy: White = 44%, Black = 71%.} 0-1